[Event "1st Panno Masters 2012"]
[Site "Moron ARG"]
[Date "2012.05.15"]
[Round "4.1"]
[White "Mareco,S"]
[Black "Salinas Herrera,P"]
[Result "1/2-1/2"]
[WhiteElo "2583"]
[BlackElo "2409"]

1.d4 d5 2.c4 c6 3.Nf3 Nf6 4.Nc3 e6 5.e3 Nbd7 6.Qc2 Bd6 7.Bd3 O-O 8.O-O dxc4
9.Bxc4 a6 10.a4 Qc7 11.Ne4 Nxe4 12.Qxe4 Re8 13.b3 b6 14.Bb2 Bb7 15.Rac1 Rad8
16.Rfd1 Qb8 17.Qh4 Nf8 18.Ng5 Be7 19.Qh5 g6 20.Qh6 Bf6 21.Ne4 Bg7 22.Qh4 Nd7
23.Ba3 c5 24.dxc5 Bxe4 25.Qxe4 Nxc5 26.Bxc5 bxc5 27.Qc6 a5 28.Qxc5 Rxd1+
29.Rxd1 Rd8 30.Rf1 Bc3 31.g3 Bb4 32.Qc6 Qd6 33.Qf3 Kg7 34.Kg2 h5 35.h3 Qe5
36.Rc1 Rd2 37.Bb5 Bd6 38.h4 Qf6 39.Rc8 Qxf3+ 40.Kxf3 Rd5 41.Rd8 Rd2 42.Be8 Bb4
43.Ra8 Kf8 44.Bb5+ Ke7 45.Ra7+ Kf8 46.Ra8+ Ke7 47.Ra7+  1/2-1/2

[Event "30th Liechtenstein Open 2012"]
[Site "Triesen LIE"]
[Date "2012.05.15"]
[Round "5.3"]
[White "Bezler,R"]
[Black "Froewis,G"]
[Result "1/2-1/2"]
[WhiteElo "2216"]
[BlackElo "2363"]

1.d4 d5 2.c4 e6 3.Nc3 c6 4.e3 Nf6 5.Nf3 Nbd7 6.Bd3 dxc4 7.Bxc4 b5 8.Bd3 a6
9.e4 c5 10.e5 cxd4 11.Nxb5 axb5 12.exf6 gxf6 13.O-O Qb6 14.Qe2 Bb7 15.Rd1 Rg8
16.Bxb5 Bd6 17.a4 Ke7 18.g3 Rg4 19.Bf4 Bxf4 20.Rxd4 Ne5 21.Nxe5 Qxd4 22.Nxg4 Bd2
23.Qd3 Rd8 24.Qxd4 Rxd4 25.Be2 h5 26.Ne3 Bxe3 27.fxe3 Rd2 28.Kf1 Rxb2 29.a5 Kd6
30.a6 Ba8 31.Rd1+ Kc7 32.Rd4 Bg2+ 33.Ke1 Ra2 34.Rh4 Ra1+ 35.Kf2 Bc6 36.Rxh5 Ra2
37.e4 e5 38.Ke3 Ra3+ 39.Kd2 Ra2+ 40.Ke3 Ra3+  1/2-1/2

[Event "21st CRO-Cup"]
[Site "Sibenik CRO"]
[Date "2012.05.16"]
[Round "1.112"]
[White "Popovic,Mir"]
[Black "Ostovic,M"]
[Result "0-1"]
[WhiteElo "1979"]
[BlackElo "2321"]

1.d4 d5 2.c4 c6 3.Nc3 Nf6 4.Nf3 e6 5.e3 Nbd7 6.Bd3 dxc4 7.Bxc4 b5 8.Bd3 Bb7
9.O-O a6 10.a3 c5 11.dxc5 Nxc5 12.Bc2 Qc7 13.Qe2 Bd6 14.h3 O-O 15.b4 Nce4
16.Nxe4 Nxe4 17.Bb2 Qe7 18.Rfd1 f5 19.Bb3 f4 20.Bd4 Rf5 21.Rac1 Raf8 22.Rf1 fxe3
23.Bxe3 Rxf3  0-1

[Event "ch-CZE 2012"]
[Site "Kouty nad Desnou CZE"]
[Date "2012.05.18"]
[Round "7"]
[White "Lechtynsky,J"]
[Black "Kraus,To"]
[Result "1-0"]
[WhiteElo "2382"]
[BlackElo "2255"]

1.Nf3 Nf6 2.c4 e6 3.Nc3 d5 4.d4 c6 5.e3 Nbd7 6.Qc2 Bd6 7.b3 O-O 8.Be2 a6
9.O-O e5 10.cxd5 cxd5 11.dxe5 Nxe5 12.Bb2 Be6 13.Rad1 Rc8 14.Qb1 Qc7 15.h3 Rfd8
16.Nd4 Bb4 17.Rc1 Qd6 18.Rfd1 Ba5 19.Qa1 Ng6 20.Bf1 Bc7 21.g3 h5 22.Nce2 h4
23.Nxe6 Qxe6 24.Nf4 Nxf4 25.gxf4 Ne4 26.Bg2 Re8 27.Bd4 g5 28.fxg5 Nxg5 29.Rc5 Nxh3+
30.Kf1 Bg3 31.Bh8 Be5 32.Qxe5 Qxe5 33.Bxe5 Rxc5 34.Bd4 Nxf2 35.Kxf2 Rc2+
36.Kg1 Re6 37.Bxd5 Rg6+ 38.Kh1 Rg3 39.Rg1 Rxa2 40.Bxb7 Rxg1+ 41.Kxg1 Kh7
42.Bg2 a5 43.Kh2 f5 44.Kh3 Rd2 45.Bd5 f4 46.Kxh4 fxe3 47.Be4+ Kg8 48.Bxe3 Re2
49.Bd5+ Kf8 50.Bc5+ Ke8 51.Bc6+ Kf7 52.Bb6 Rc2 53.Bb5 Kg7 54.Kg5 Ra2 55.Kf5 Ra3
56.Bd4+ Kh6 57.Ba4 Kh7 58.Bc3 Kg8 59.Ke6 Kf8 60.Bxa5 Ra1  1-0

[Event "ch-UZB Major 2012"]
[Site "Tashkent UZB"]
[Date "2012.05.18"]
[Round "2"]
[White "Khoroshev,N"]
[Black "Galyamov,V"]
[Result "1/2-1/2"]
[WhiteElo "2319"]
[BlackElo "2237"]

1.d4 e6 2.c4 d5 3.Nc3 Nf6 4.Nf3 c6 5.e3 Bd6 6.Qc2 Nbd7 7.Be2 O-O 8.O-O a6
9.e4 Nxe4 10.Nxe4 dxe4 11.Qxe4 Nf6 12.Qh4 c5 13.Be3 cxd4 14.Bxd4 Qe7 15.Bd3 h6
16.Rad1 Rd8 17.Bb1 Bc7 18.Bc3 Bd7 19.Ne5 Bxe5 20.Bxe5 Bc6 21.Bc3 Rxd1 22.Rxd1 Rd8
23.Bc2 Rxd1+ 24.Bxd1 Qd7 25.Qd4 Qxd4 26.Bxd4 Nd7 27.f4 f6 28.Bh5 g5 29.g3 e5
30.fxe5 fxe5 31.Bc3 Kg7 32.Kf2 Kf6 33.Ke3 Kf5 34.Bd1 Nf6 35.Bc2+ Ke6 36.h4 Ng4+
37.Ke2 gxh4 38.gxh4 e4 39.b4 Kf5 40.a4 Kf4 41.b5 axb5 42.axb5 Bd7 43.Bb4 Ne5
44.Bd2+ Kf5 45.Bxh6 Nxc4 46.b6 Nxb6 47.Ke3 Bc6 48.Bg7 Nd5+ 49.Kd4 Nf4 50.Bh6 Ne6+
51.Ke3 b5 52.Bg5 Bd5 53.Be7 Ke5 54.Bb4 Nd8 55.h5 Ne6 56.Bc3+ Kf5 57.h6 Kg6
58.Bxe4+ Bxe4 59.Kxe4  1/2-1/2

[Event "50th ch-IND Challengers 2012"]
[Site "Tirupati IND"]
[Date "2012.05.18"]
[Round "1.9"]
[White "Suvrajit,S"]
[Black "Ponkshe,S"]
[Result "1-0"]
[WhiteElo "2365"]
[BlackElo "1952"]

1.d4 d5 2.c4 c6 3.Nf3 Nf6 4.e3 e6 5.Nc3 Be7 6.Qc2 O-O 7.b3 Nbd7 8.Bd3 b6
9.O-O Bb7 10.Bb2 Rc8 11.Rad1 h6 12.e4 dxe4 13.Nxe4 Nxe4 14.Bxe4 Nf6 15.Bd3 Qc7
16.Rfe1 c5 17.Qe2 cxd4 18.Nxd4 Bb4 19.Rf1 Bd6 20.h3 e5 21.Nf5 Qc6 22.f3 Qc5+
23.Rf2 Bb8 24.Qe1 a5 25.a3 Qc7 26.f4 Nd7 27.Ne7+ Kh8 28.Nxc8 Bxc8 29.Bf5 exf4
30.Bxd7 Bxd7 31.Qe7  1-0

[Event "Asian Nations Chess Cup"]
[Site "Zaozhuang CHN"]
[Date "2012.05.18"]
[Round "2.1"]
[White "Zhou Weiqi"]
[Black "Ahmed,Abdu"]
[Result "1-0"]
[WhiteElo "2624"]
[BlackElo "2321"]

1.d4 d5 2.c4 c6 3.Nc3 Nf6 4.e3 e6 5.Nf3 Nbd7 6.Qc2 Bd6 7.Bd3 O-O 8.O-O Qe7
9.c5 Bc7 10.e4 dxe4 11.Nxe4 Nxe4 12.Bxe4 Nf6 13.Bg5 h6 14.Bxf6 Qxf6 15.Rfe1 Bd7
16.b4 Rfb8 17.Ne5 Be8 18.a4 Qd8 19.Qc4 a6 20.Bc2 Qf6 21.Qd3 g6 22.Qh3 Rd8
23.Rad1 Bxe5 24.dxe5 Rxd1 25.Bxd1 Qf4 26.Qc3 Rd8 27.Bf3 Qd4 28.Qb3 Qd3 29.Qb2 Qd2
30.Rb1 Rd4 31.h3 Qf4 32.Rd1 Rxb4 33.Qc3 Rc4 34.Qd3 Rc1 35.Qd8 Rxd1+ 36.Bxd1 Kf8
37.Qd6+ Kg7 38.g3 Qe4 39.h4 a5 40.h5 g5 41.Kh2 Qd5 42.f4 Qxd6 43.exd6 gxf4
44.gxf4 f5 45.Kg3 Kf6 46.Kf2 e5 47.Ke3 e4 48.Kd4 Ke6 49.Bb3+ Kd7 50.Bd1 Bf7
51.Be2 Bb3 52.Bf1 Bxa4 53.Bh3 Bd1 54.Bxf5+ Kd8 55.Be6 Bxh5 56.f5 Bg4 57.Kxe4 a4
58.Ke5 a3 59.f6 Bh5 60.f7 Bxf7 61.Bxf7 h5 62.Be6 h4 63.Kf4 a2 64.Bxa2  1-0

[Event "Asian Nations Chess Cup"]
[Site "Zaozhuang CHN"]
[Date "2012.05.18"]
[Round "2.3"]
[White "Chogdov,M"]
[Black "Battulga,N"]
[Result "0-1"]
[WhiteElo "2245"]
[BlackElo "2397"]

1.c4 e6 2.Nc3 d5 3.d4 Nf6 4.Nf3 c6 5.e3 Nbd7 6.Be2 dxc4 7.Bxc4 b5 8.Be2 Bb7
9.O-O a6 10.a3 c5 11.dxc5 Bxc5 12.b4 Be7 13.Bb2 O-O 14.Qb3 Qb6 15.Rfd1 Rac8
16.Rac1 Nd5 17.Nxd5 Bxd5 18.Qd3 Qb7 19.Qb1 Nb6 20.Qa1 f6 21.Ne1 Rfd8 22.Bf3 Bxf3
23.Nxf3 Nc4 24.Bc3 Bd6 25.h3 Bb8 26.a4 e5 27.axb5 axb5 28.Nd2 Nb6 29.Nb3 Bd6
30.Na5 Qf7 31.Be1 Bf8 32.Rxd8 Rxd8 33.Qb2 Rd3 34.Qe2 Qd7 35.e4 h6 36.f3 Rd4
37.Nb3 Rc4 38.Rd1 Qe8 39.Na5 Rc8 40.Kh2 Kh7 41.Qf2 Qe6 42.Qe2 Qe8 43.Qf2 Nc4
44.Rd5 Na3 45.Qb2 Nc2 46.Bd2 Qg6 47.Nb7 Rc4 48.Nc5 Qe8 49.Qb3 Qc6 50.Qa2 Nd4
51.Nd7 Be7 52.Qa3 Rc2 53.Qe3 Qc4 54.f4 Qa2 55.f5 Nxf5 56.Qf3 Nd4 57.Rxd4 exd4
58.Bxh6 Kxh6 59.Qf4+ g5 60.Qg4 Bd6+ 61.e5  0-1

[Event "Serbia Cup Final 2012"]
[Site "Kragujevac SRB"]
[Date "2012.05.19"]
[Round "6"]
[White "Pavlovic,Milos"]
[Black "Ivanisevic,I"]
[Result "1/2-1/2"]
[WhiteElo "2519"]
[BlackElo "2655"]

1.d4 d5 2.c4 c6 3.Nf3 Nf6 4.Nc3 e6 5.e3 Nbd7 6.Qc2 Bd6 7.Bd3 O-O 8.O-O dxc4
9.Bxc4 a6 10.Rd1 b5 11.Bd3 Bb7 12.Ng5 h6 13.Nge4 Be7 14.a3 a5 15.Rb1 c5 16.Bxb5 cxd4
17.exd4 Qb8 18.Bxd7 Nxd7 19.Be3 a4 20.d5 f5 21.dxe6 Ne5 22.Nd5 Bxd5 23.Rxd5 Ng4
24.Ng3 Nxe3 25.fxe3 g6 26.Rd7 Bf6 27.Ne2 Qe5 28.Nf4 Qxe3+ 29.Qf2 Qxf2+ 30.Kxf2 Rfe8
31.b4 axb3 32.Rxb3 Ra6 33.Nxg6 Raxe6 34.Nf4 Re4 35.g3 R8e7 36.Rxe7 Bxe7 37.Rb5 Bxa3
38.Rxf5 Bd6 39.Nd5 Re6 40.Kf3 Kg7 41.Ne3 Kg6 42.Rd5 Rf6+ 43.Kg4 Re6 44.Nf5 h5+
45.Kf3 Bc7 46.Nh4+ Kh6 47.Rd7 Be5 48.Nf5+ Kg5 49.Ne3 h4 50.Rd5 hxg3 51.hxg3 Kg6
52.Ng2 Kf6 53.Ne3 Kg6 54.g4 Bf6 55.Ng2 Bg5 56.Nf4+ Bxf4 57.Kxf4 Re3 58.Rd2  1/2-1/2

[Event "HC Andersen Mindgames"]
[Site "Odense DEN"]
[Date "2012.05.19"]
[Round "6.19"]
[White "Nielsen,Thom3"]
[Black "Poulsen,I"]
[Result "0-1"]
[WhiteElo "1616"]
[BlackElo "2084"]

1.d4 d5 2.c4 e6 3.Nc3 c6 4.e3 Nf6 5.Nf3 Nbd7 6.Bd2 Bd6 7.Be2 Ne4 8.cxd5 exd5
9.O-O f5 10.Nxe4 fxe4 11.Ne1 O-O 12.f3 exf3 13.Nxf3 Nf6 14.Ng5 h6 15.e4 Nxe4
16.Nxe4 Rxf1+ 17.Bxf1 dxe4 18.Bc4+ Kh7 19.Qh5 Qf6 20.Rf1 Qxd4+ 21.Kh1 Qxc4
22.Rf2 Qe6 23.Be3 Qg4 24.Qf7 Be6  0-1

[Event "Asian Nations Chess Cup"]
[Site "Zaozhuang CHN"]
[Date "2012.05.19"]
[Round "3.4"]
[White "Kuderinov,K"]
[Black "Abdulla,Omar"]
[Result "1-0"]
[WhiteElo "2493"]
[BlackElo "2035"]

1.d4 d5 2.c4 c6 3.Nf3 Nf6 4.Nc3 e6 5.e3 Be7 6.Bd3 Nbd7 7.O-O dxc4 8.Bxc4 O-O
9.e4 Nb6 10.Bb3 Re8 11.Qe2 Bf8 12.Bg5 h6 13.Bh4 Be7 14.Rad1 Nbd7 15.Ne5 Nxe4
16.Nxe4 Bxh4 17.Nd6 Nxe5 18.dxe5 Rf8 19.Nxf7 Qc7 20.Nxh6+ gxh6 21.Qg4+ Bg5
22.f4 Qg7 23.fxg5 hxg5 24.Rxf8+ Kxf8 25.Rd8+ Ke7 26.Qd4 Kf7 27.Rxc8 Rxc8
28.Qd7+ Kg6 29.Bc2+ Kh5 30.Qxg7  1-0

[Event "Coupe de France 2012"]
[Site "Bois-Colombes FRA"]
[Date "2012.05.20"]
[Round "2"]
[White "Bacrot,E"]
[Black "Tournier,Math"]
[Result "1-0"]
[WhiteElo "2695"]
[BlackElo "2304"]

1.d4 d5 2.c4 c6 3.Nc3 Nf6 4.e3 e6 5.Nf3 Nbd7 6.Qc2 Bd6 7.Bd3 O-O 8.O-O dxc4
9.Bxc4 e5 10.Bb3 Qc7 11.h3 a6 12.Rd1 c5 13.dxc5 Nxc5 14.Nd5 Nxd5 15.Bxd5 Qe7
16.e4 Ne6 17.Be3 Nf4 18.Qb3 a5 19.Bxf4 exf4 20.e5 Bc5 21.Rac1 a4 22.Qc4 Bb6
23.Qxf4 a3 24.bxa3 Rxa3 25.Rc2 Bd7 26.Rb2 Ra4 27.Qg5 Qc5 28.Bb3 h6 29.Qd2  1-0

[Event "HC Andersen Mindgames"]
[Site "Odense DEN"]
[Date "2012.05.20"]
[Round "8.3"]
[White "Aagaard,J"]
[Black "Lund,E"]
[Result "1-0"]
[WhiteElo "2505"]
[BlackElo "2401"]

1.d4 d5 2.c4 e6 3.Nf3 Nf6 4.Nc3 c6 5.e3 Nbd7 6.Bd3 dxc4 7.Bxc4 b5 8.Bd3 Bd6
9.O-O O-O 10.a3 Bb7 11.Bd2 e5 12.Qc2 exd4 13.exd4 Rc8 14.Ng5 h6 15.Nge4 Bb8
16.b4 Nb6 17.Nc5 Nbd5 18.Nxd5 Nxd5 19.a4 Rc7 20.Rfe1 Bc8 21.axb5 cxb5 22.Bxb5 Qf6
23.Qe4 Qb6 24.Bd3 Nf6 25.Qh4 Rc6 26.b5 Rd6 27.Ba5  1-0

[Event "21st CRO-Cup"]
[Site "Sibenik CRO"]
[Date "2012.05.20"]
[Round "6.134"]
[White "Ghersinich,G"]
[Black "Petricevic,P"]
[Result "1-0"]
[WhiteElo "1944"]
[BlackElo "2019"]

1.d4 Nf6 2.c4 c6 3.Nc3 d5 4.e3 e6 5.Nf3 Bd6 6.Bd3 O-O 7.O-O Nbd7 8.Qe2 b6
9.e4 dxe4 10.Nxe4 Be7 11.Bf4 Ba6 12.Rfe1 c5 13.Neg5 Re8 14.Nxf7 Nf8 15.Nxd8 Raxd8
16.Rad1 Bb7 17.Ng5 cxd4 18.Nxe6 Bb4 19.Nxd8 Rxe2 20.Rxe2 Ba8 21.Ne6 N8d7
22.a3 Bc5 23.b4 Bf8 24.Nxf8 Kxf8 25.Be5 Bb7 26.Bxd4 Kf7 27.Rde1  1-0

[Event "Caissa IM May 2012"]
[Site "Kecskemet HUN"]
[Date "2012.05.21"]
[Round "2.1"]
[White "Kojima,S"]
[Black "Wang Xinyue"]
[Result "1-0"]
[WhiteElo "2264"]
[BlackElo "2041"]

1.Nf3 d5 2.d4 Nf6 3.c4 c6 4.Nc3 e6 5.e3 Nbd7 6.Qc2 Bd6 7.b3 Qe7 8.Be2 O-O
9.O-O b6 10.e4 Nxe4 11.Nxe4 dxe4 12.Qxe4 Bb7 13.Bg5 f6 14.Bd3 g6 15.Bh4 e5
16.Rfe1 Qg7 17.c5 Bc7 18.dxe5 Nxe5 19.Nxe5 Bxe5 20.Rad1 Kh8 21.b4 Bc3 22.Re2 g5
23.Qc4 a5 24.Qxc3 axb4 25.Qxb4 gxh4 26.Qxh4 b5 27.Rde1 Ra4 28.Qh5 Rg4 29.g3 Rg5
30.Qe8 Qh6 31.Qe7 Bc8 32.Qc7 Rxc5 33.Re8 Bf5 34.Qe7 Kg8 35.Bxf5 Rxe8 36.Qxe8+ Qf8
37.Bxh7+  1-0

[Event "ch-UZB Major w 2012"]
[Site "Tashkent UZB"]
[Date "2012.05.21"]
[Round "5"]
[White "Orzikulova,M"]
[Black "Gevorgyan,I"]
[Result "0-1"]
[WhiteElo "2044"]
[BlackElo "2156"]

1.d4 d5 2.c4 c6 3.Nc3 e6 4.e3 Nf6 5.Nf3 Nbd7 6.Bd3 dxc4 7.Bxc4 b5 8.Bd3 Bd6
9.O-O O-O 10.b3 Bb7 11.Bb2 Qe7 12.Qc2 a6 13.Ne2 c5 14.Ng3 Bxf3 15.gxf3 cxd4
16.Bxd4 Be5 17.Qb2 Bxd4 18.Qxd4 Rac8 19.Qh4 Qc5 20.Kg2 Ne5 21.Be4 Nxe4 22.Nxe4 Qc6
23.Qg3 Ng6 24.Rad1 Rfd8 25.Nd6 Ra8 26.Rd2 Rd7 27.Rfd1 Rad8 28.Ne4 h6 29.Rxd7 Rxd7
30.Rxd7 Qxd7 31.Qd6 Nh4+ 32.Kh3 Qxd6 33.Nxd6 Nxf3 34.Ne4 Ng5+ 35.Nxg5 hxg5
36.Kg4 f6 37.Kf3 Kf7 38.Ke4 Ke7 39.b4 Kd6 40.f4 gxf4 41.exf4 e5 42.h4 exf4
43.h5 f3  0-1

[Event "50th ch-IND Challengers 2012"]
[Site "Tirupati IND"]
[Date "2012.05.21"]
[Round "6.7"]
[White "Rajesh,VA"]
[Black "Das,Say"]
[Result "1/2-1/2"]
[WhiteElo "2364"]
[BlackElo "2251"]

1.d4 d5 2.c4 e6 3.Nc3 c6 4.e3 Nf6 5.Nf3 Nbd7 6.Bd3 dxc4 7.Bxc4 b5 8.Bd3 Bd6
9.O-O O-O 10.a4 b4 11.Ne4 Nxe4 12.Bxe4 Bb7 13.Nd2 Qc7 14.h3 Nf6 15.Bf3 c5
16.Bxb7 Qxb7 17.dxc5 Bxc5 18.Qf3 Qxf3 19.Nxf3 Rfd8 20.Bd2 Ne4 21.Rfd1 a5
22.Be1 Rxd1 23.Rxd1 Be7 24.b3 Nc5 25.Rb1 Bf6 26.Kf1 Rd8  1/2-1/2

[Event "ch-UZB Major w 2012"]
[Site "Tashkent UZB"]
[Date "2012.05.23"]
[Round "7"]
[White "Baymuradova,S"]
[Black "Kurbonboeva,Sarvinoz"]
[Result "1/2-1/2"]
[WhiteElo "2113"]
[BlackElo "2199"]

1.d4 d5 2.Nf3 c6 3.c4 e6 4.e3 Nf6 5.Nc3 Nbd7 6.Qc2 Bd6 7.Bd3 O-O 8.O-O dxc4
9.Bxc4 b5 10.Bd3 Bb7 11.e4 e5 12.Bg5 h6 13.Bh4 exd4 14.Nxd4 Qb8 15.Bg3 Bxg3
16.hxg3 a6 17.Nf5 c5 18.Rad1 Re8 19.Rfe1 Bc6 20.Bf1 Qc7 21.f3 Rad8 22.g4 c4
23.a4 Ne5 24.axb5 axb5 25.Rxd8 Rxd8 26.Rd1 b4 27.Rxd8+ Qxd8 28.Nb1 Qb6+ 29.Qf2 Qxf2+
30.Kxf2 Bd7 31.Nd6 Be6 32.Ke3 Kf8 33.Kd4 c3 34.bxc3 bxc3 35.Nxc3 Nc6+ 36.Kc5 Ne5
37.Nd5 Nfd7+ 38.Kd4 Nc6+ 39.Ke3 g6 40.Bb5 Ne7 41.Nf4 Ne5 42.Nxe6+ fxe6 43.Nc4 Nxc4+
44.Bxc4 e5 45.g3 Kg7 46.f4 Kf6 47.Bb5 Nc8 48.g5+ hxg5 49.fxe5+ Kxe5 50.Be8 Ne7
51.g4 Ng8 52.Bxg6 Nf6 53.Bf5 Ne8  1/2-1/2

[Event "50th ch-IND Challengers 2012"]
[Site "Tirupati IND"]
[Date "2012.05.23"]
[Round "8.15"]
[White "Lahiri,A"]
[Black "Das,Say"]
[Result "1-0"]
[WhiteElo "2332"]
[BlackElo "2251"]

1.d4 d5 2.Nf3 c6 3.c4 e6 4.e3 Nf6 5.Nc3 Nbd7 6.Qc2 Bd6 7.Bd3 O-O 8.O-O dxc4
9.Bxc4 b5 10.Be2 Bb7 11.Rd1 Qc7 12.e4 e5 13.Bg5 Rfe8 14.Rac1 a6 15.Nd5 Nxd5
16.exd5 Rac8 17.Qf5 c5 18.dxc5 Nxc5 19.Be3 Qd7 20.Qh5 e4 21.Ng5 h6 22.Bg4 Qe7
23.Bxc8 Rxc8 24.Bxc5 Bxc5 25.d6 Bxd6 26.Rxc8+ Bxc8 27.Qxf7+ Qxf7 28.Nxf7 Be7
29.Nd6 Be6 30.Nxe4 Bxa2 31.Ra1 Bd5 32.Rxa6 Kf8 33.f3 Bb7 34.Rb6 Bxe4 35.Rb8+  1-0

[Event "Caissa IM May 2012"]
[Site "Kecskemet HUN"]
[Date "2012.05.24"]
[Round "6.3"]
[White "Wang Doudou"]
[Black "Wang Xinyue"]
[Result "1-0"]
[WhiteElo "2130"]
[BlackElo "2041"]

1.d4 d5 2.c4 c6 3.Nf3 Nf6 4.Nc3 e6 5.e3 Nbd7 6.Qc2 Bd6 7.Bd3 dxc4 8.Bxc4 b5
9.Be2 Bb7 10.O-O O-O 11.Rd1 Qb8 12.Ne4 Nxe4 13.Qxe4 c5 14.Qh4 c4 15.e4 Qd8
16.Bg5 f6 17.Qh3 Qe8 18.e5 fxg5 19.exd6 Rf5 20.Qg3 Qd8 21.b3 Bd5 22.bxc4 bxc4
23.Rac1 Rc8 24.Ne5 Nf6 25.Bxc4 Ne4 26.Bxd5 exd5 27.Qb3 Nxd6 28.Qxd5+ Nf7
29.Qe6 Rxc1 30.Rxc1 Rf6 31.Nxf7  1-0

[Event "ch-UZB Major w 2012"]
[Site "Tashkent UZB"]
[Date "2012.05.24"]
[Round "8"]
[White "Gevorgyan,I"]
[Black "Verbova,Elena"]
[Result "1-0"]
[WhiteElo "2156"]
[BlackElo "1973"]

1.Nf3 d5 2.d4 e6 3.c4 Nf6 4.Nc3 c6 5.e3 dxc4 6.Bxc4 b5 7.Bd3 Bb7 8.O-O b4
9.Na4 Nbd7 10.e4 a6 11.e5 Nd5 12.Bg5 Be7 13.Bxe7 Qxe7 14.Rc1 Rc8 15.Nd2 O-O
16.Ne4 Nb8 17.Nac5 Rc7 18.Qh5 h6 19.f4 Bc8 20.Rf3 Rd8 21.Nd6 f5 22.Qg6 Rxd6
23.exd6 Qxd6 24.Bxf5 Nf6 25.Bb1 Qxd4+ 26.Kh1 Qxb2 27.Rd1 Rf7 28.Qd3 Nbd7
29.Na4 Qa3 30.Qc2 b3 31.Qxc6 Qf8 32.Rc1 Nb6 33.Qxb6 Bb7 34.Rff1 Bd5 35.axb3 Qa8
36.Qf2 Rb7 37.Nb6 Rxb6 38.Qxb6 Bxg2+ 39.Kg1 Bd5 40.Rc7 Nh5 41.Qc5  1-0

[Event "Albena Masters Open 2012"]
[Site "Albena BUL"]
[Date "2012.05.26"]
[Round "1.25"]
[White "Thejkumar,M"]
[Black "Klein,Bo"]
[Result "1-0"]
[WhiteElo "2450"]
[BlackElo "2089"]

1.d4 Nf6 2.Nf3 e6 3.c4 d5 4.Nc3 c6 5.e3 Be7 6.b3 Nbd7 7.Bd3 O-O 8.O-O Bd6
9.Bb2 Re8 10.Qc2 e5 11.cxd5 exd4 12.dxc6 dxc3 13.cxd7 Bxd7 14.Bxc3 Rc8 15.Qb2 Bg4
16.Bxf6 gxf6 17.Qd4 Bxf3 18.gxf3 Be5 19.Qxd8 Rexd8 20.Rad1 Kg7 21.f4 Bc3
22.Kg2 Rc7 23.Kf3 h5 24.Rg1+ Kh6 25.Bf5 Rxd1 26.Rxd1 Bb4 27.Rg1 Rc5 28.Be4 b6
29.Rg8 Bc3 30.Ra8 Ra5 31.a4 Kg7 32.Rd8 f5 33.Bd5 Kg6 34.Bc4 f6 35.Rd7 Bb4
36.h4 Bc3 37.Ke2 Bb4 38.f3 Bc3 39.e4 Bb4 40.Be6 fxe4 41.fxe4 f5 42.Bxf5+ Kf6
43.Bh3 Rc5 44.e5+ Kg6 45.Be6 Rc2+ 46.Kf3 Bf8 47.Bc4 Rc3+ 48.Ke4 Rh3 49.Be6 Rxh4
50.Bf5+  1-0

[Event "Asian Nations Chess Cup"]
[Site "Zaozhuang CHN"]
[Date "2012.05.26"]
[Round "9.1"]
[White "Al Hadarani,H"]
[Black "Zhang Zhong"]
[Result "0-1"]
[WhiteElo "2278"]
[BlackElo "2593"]

1.c4 e6 2.Nf3 d5 3.e3 Nf6 4.Nc3 c6 5.d4 Nbd7 6.cxd5 exd5 7.Bd3 Bd6 8.Nh4 g6
9.Nf3 Qe7 10.Qc2 Nh5 11.h3 Nf4 12.Bf1 Nb6 13.g3 Nh5 14.b3 f5 15.Bd3 Nf6 16.Bb2 Ne4
17.O-O-O Be6 18.Kb1 a5 19.a4 Nd7 20.h4 Ndf6 21.Ne5 Bxe5 22.dxe5 Ng4 23.Rdf1 Qb4
24.Bxe4 dxe4 25.Ka2 b5 26.Ba3 bxa4 27.Bxb4 axb3+ 28.Kb2 axb4 29.Ra1 Rxa1
30.Rxa1 bxc2 31.Ra8+ Kf7 32.Rxh8 bxc3+ 33.Kxc2 Kg7 34.Re8 Bf7 35.Re7 Kf8
36.Rc7 Nxe5 37.Kxc3 Kg7 38.Kd4 Kf6 39.Rb7 h6 40.Rb2 Nd3 41.Rb6 Ne5 42.Ra6 Bd5
43.Ra8 Ng4 44.Rh8 Nxf2 45.h5 Kg7 46.Rb8 gxh5  0-1

[Event "Albena Masters Open 2012"]
[Site "Albena BUL"]
[Date "2012.05.27"]
[Round "2.4"]
[White "Melkumyan,H"]
[Black "Shalamberidze,A"]
[Result "1-0"]
[WhiteElo "2642"]
[BlackElo "2333"]

1.d4 d5 2.c4 c6 3.Nc3 Nf6 4.e3 e6 5.Nf3 Nbd7 6.Qc2 b6 7.Bd3 Bb7 8.O-O dxc4
9.Bxc4 c5 10.Qe2 a6 11.a4 Bd6 12.Rd1 O-O 13.d5 exd5 14.Nxd5 Nxd5 15.Bxd5 Bxd5
16.Rxd5 Nf6 17.Rd1 Ne4 18.Qc2 Qe7 19.b3 Rfd8 20.Bb2 Qe6 21.Rd3 Bc7 22.Rad1 h6
23.h3 Rxd3 24.Rxd3 b5 25.Nd2 Re8 26.axb5 axb5 27.Nxe4 Qxe4 28.Qd1 Be5 29.Bxe5 Qxe5
30.Rd5 Qc3 31.g3 Rb8 32.Rd3 Qf6 33.Rd6 Qc3 34.Rc6 c4 35.bxc4 bxc4 36.Qd5 Qd3
37.Qxc4 Qxc4 38.Rxc4 h5 39.Kg2 g6 40.g4 hxg4 41.hxg4 Kg7 42.g5 Rb7 43.f4 Kf8
44.Kf3 Ke7 45.Ra4 Rc7 46.Ke4 Rb7 47.Kd5 Rd7+ 48.Ke5 Rb7 49.Ra5 Rd7 50.e4 Rb7
51.Kd4 Rd7+ 52.Ke3 Rb7 53.f5 gxf5 54.exf5 Rb4 55.Kf3 Kf8 56.Ra7 Kg8 57.Re7 Ra4
58.Re4 Ra1 59.Re8+ Kg7 60.Re4 Ra2 61.Kg3 Ra1 62.Rb4 Ra7 63.Rc4 Ra8 64.Kg4 Re8
65.Ra4 Re1 66.Kf3 Kg8 67.Re4 Rb1 68.Kf4 Kg7 69.Rd4 Rf1+ 70.Ke5 Re1+ 71.Re4 Rg1
72.Kf4 Rf1+ 73.Kg4 Rg1+ 74.Kh5 Rh1+ 75.Rh4 Rg1 76.f6+ Kh7 77.Rh2 Rg3 78.Rd2 Rg1
79.Rd8 Rh1+ 80.Kg4 Rg1+ 81.Kf4 Rf1+ 82.Kg4 Rg1+ 83.Kf4 Rf1+ 84.Ke5 Rg1 85.Kd6 Rxg5
86.Rf8 Rg1 87.Ke7 Ra1 88.Kxf7 Ra7+ 89.Ke6 Kg6 90.Rg8+ Kh7 91.f7  1-0

[Event "Albena Masters Open 2012"]
[Site "Albena BUL"]
[Date "2012.05.27"]
[Round "2.26"]
[White "Cavusoglu,Y"]
[Black "Baghdasaryan,V"]
[Result "0-1"]
[WhiteElo "1960"]
[BlackElo "2409"]

1.d4 d5 2.Nf3 Nf6 3.c4 e6 4.Nc3 c6 5.e3 Nbd7 6.Qc2 Bd6 7.Bd3 O-O 8.O-O Qe7
9.e4 dxc4 10.Bxc4 e5 11.h3 b5 12.Bd3 Re8 13.Re1 Bb7 14.a3 Rad8 15.b4 Bb8
16.Be3 exd4 17.Bxd4 Ne5 18.Bxe5 Bxe5 19.Nxe5 Qxe5 20.Rad1 g5 21.Re3 Rd6 22.Be2 Rde6
23.Qd3 a6 24.Qd4 h6 25.Bf3 Qxd4 26.Rxd4 Re5 27.Rd6 Kg7 28.g4 R8e7 29.Red3 c5
30.bxc5 Rxc5 31.R6d4 Bc6 32.Nd5 Re5 33.Nc3 Ne8 34.Bg2 Nc7 35.Nd5 Ne6 36.Rb4 Rc1+
37.Kh2 Rc2 38.Kg1 a5 39.Rb1 Nc5 40.Rd4 Kf8 41.Bf3 Ne6 42.Rd3 Bxd5 43.Rxd5 Rxd5
44.exd5 Nf4 45.Bg2 Rc5 46.Bf1 Rxd5 47.Bxb5 Nxh3+ 48.Kg2 Nf4+ 49.Kg1 Rd2 50.a4 Nh3+
51.Kg2 Nxf2 52.Kf3 Nd1 53.Rc1 Rd4 54.Rc8+ Kg7 55.Rc7 Rf4+ 56.Kg3 Nb2 57.Ra7 Nxa4
58.Rxa5 Nc3 59.Bd7 Ne4+ 60.Kh3 Rf3+ 61.Kg2 Rf2+ 62.Kh3 Nf6 63.Bc8 Rc2 64.Bf5 Rc3+
65.Kg2 h5 66.gxh5 Nxh5 67.Ra7 Nf4+ 68.Kf2 Rc5 69.Bb1 Re5 70.Ba2 Ne6  0-1

[Event "4th GM POL-UKR Match"]
[Site "Lublin POL"]
[Date "2012.05.27"]
[Round "4"]
[White "Miton,K"]
[Black "Zherebukh,Y"]
[Result "1/2-1/2"]
[WhiteElo "2622"]
[BlackElo "2632"]

1.d4 d5 2.c4 c6 3.Nc3 Nf6 4.e3 e6 5.Nf3 Nbd7 6.Qc2 Bd6 7.Bd3 O-O 8.O-O dxc4
9.Bxc4 b5 10.Be2 Bb7 11.e4 e5 12.dxe5 Nxe5 13.Nd4 Neg4 14.Nf5 Bxh2+ 15.Kh1 g6
16.f3 gxf5 17.fxg4 Nxg4 18.Rxf5 Bf4 19.Bxf4 Qh4+ 20.Kg1 Qf2+ 21.Kh1 Qh4+
22.Kg1 Qf2+ 23.Kh1 Qh4+  1/2-1/2

[Event "ch-GER Junior U18 g 2012"]
[Site "Oberhof GER"]
[Date "2012.05.27"]
[Round "1.8"]
[White "Lange,Anika"]
[Black "Evers,A"]
[Result "1/2-1/2"]
[WhiteElo "1621"]
[BlackElo "1763"]

1.d4 d5 2.c4 c6 3.Nf3 Nf6 4.Nc3 e6 5.e3 Nbd7 6.Bd3 Bd6 7.O-O O-O 8.b3 a6
9.Bb2 b5 10.Qe2 Bb7 11.e4 dxc4 12.bxc4 e5 13.cxb5 cxb5 14.Nxb5 Bb8 15.dxe5 Nxe5
16.Bxe5 Bxe5 17.Nxe5 axb5 18.Bxb5 Bxe4 19.Rfd1 Qb8 20.Nd7 Nxd7 21.Bxd7 Qb7
22.f3 Bd5 23.Qd2 Bc4 24.Qc2 Bd5 25.Bf5 g6 26.Be4 Qb6+ 27.Qf2 Qxf2+ 28.Kxf2 Rxa2+
29.Rxa2 Bxa2 30.Ra1 f5 31.Bc6 Rc8 32.Rxa2 Rxc6 33.Rd2  1/2-1/2

[Event "50th ch-IND Challengers 2012"]
[Site "Tirupati IND"]
[Date "2012.05.27"]
[Round "12.12"]
[White "Lahiri,A"]
[Black "Sidhant,M"]
[Result "1/2-1/2"]
[WhiteElo "2332"]
[BlackElo "2209"]

1.d4 d5 2.c4 c6 3.Nf3 Nf6 4.Nc3 e6 5.e3 Nbd7 6.Qc2 Bd6 7.Bd3 O-O 8.O-O a6
9.Rd1 dxc4 10.Bxc4 b5 11.Be2 Qe7 12.e4 e5 13.Bg5 b4 14.Na4 exd4 15.Rxd4 c5
16.Rd2 Bb7 17.Bxf6 Nxf6 18.Rxd6 Qxd6 19.e5 Qc6 20.exf6 Rfe8 21.Bf1 Qxf6 22.Nd2 Rac8
23.Rd1 g6 24.Nc4 Red8 25.Rxd8+ Qxd8 26.Nab6 Rc6 27.Qd3 Qxd3 28.Bxd3 Re6 29.Kf1 Bc6
30.a4 bxa3 31.bxa3 Kf8 32.a4 f5 33.f4 Ke7 34.Kf2 Kd8 35.g3 Be4 36.Be2 a5
37.Bf3 Bd3 38.h3 h6 39.g4 g5 40.gxf5 Bxf5 41.Nd5 Bxh3 42.Nxa5 gxf4 43.Nb7+ Kc8
44.Nxc5 Rd6 45.Nxf4 Bd7 46.Nd5 Kb8 47.Ke3 Bc6 48.Kd4 Bxd5 49.Bxd5 Ka7 50.Ne4 Rg6
51.Kc5 h5  1/2-1/2

[Event "Albena Masters Open 2012"]
[Site "Albena BUL"]
[Date "2012.05.28"]
[Round "3.21"]
[White "Grigoryan,K2"]
[Black "Dastan,B"]
[Result "1-0"]
[WhiteElo "2517"]
[BlackElo "2272"]

1.d4 d5 2.c4 e6 3.Nc3 c6 4.e3 Nf6 5.Nf3 Nbd7 6.Bd3 dxc4 7.Bxc4 b5 8.Bd3 Bb7
9.e4 b4 10.Na4 c5 11.e5 Nd5 12.dxc5 Qa5 13.O-O Nxc5 14.Nxc5 Bxc5 15.Ng5 Be7
16.Qh5 g6 17.Qf3 Bxg5 18.Bxg5 Ba6 19.Bxa6 Qxa6 20.Bh6 Rg8 21.Bg5 f5 22.exf6 Kf7
23.Rfe1 Rge8 24.Re4 h5 25.h4 Rac8 26.Rae1 Rc4 27.Qd3 Rc6 28.Qxd5  1-0

[Event "21st Chicago Open"]
[Site "Wheeling USA"]
[Date "2012.05.28"]
[Round "9"]
[White "Troff,Kayden W"]
[Black "Lee,Ka"]
[Result "1/2-1/2"]
[WhiteElo "2276"]
[BlackElo "2102"]

1.d4 d5 2.c4 c6 3.Nf3 Nf6 4.e3 e6 5.Nc3 Nbd7 6.Qc2 Bd6 7.g4 Nxg4 8.Rg1 Qf6
9.Rxg4 Qxf3 10.Rxg7 Nf6 11.h3 Ne4 12.Rg1 f5 13.Qe2 Qxe2+ 14.Bxe2 Kf7 15.f4  1/2-1/2